| 000 | 01011cam a22002298i 4500 | ||
|---|---|---|---|
| 999 |
_c58411 _d58411 |
||
| 001 | 20726522 | ||
| 005 | 20221107170014.0 | ||
| 008 | 181031s2019 enk 000 0 eng | ||
| 020 | _a9781138208001 X | ||
| 041 | _aeng | ||
| 080 | _a364+37 N-52 | ||
| 100 | 1 |
_aNewstead, Shelly _913419 |
|
| 245 | 1 | 0 |
_aEssential skills for managers of child-centred settings / _cby Shelly Newstead and Emma Isles-Buck. |
| 250 | _aThird edition. | ||
| 264 | 1 |
_aLondon : _bRoutledge, _c2019. |
|
| 300 |
_a100 p. _b25 cm. |
||
| 653 | _aბავშვთა მოვლა | ||
| 653 | _aბავშვზე ორიენტირებული პარამეტრების მენეჯერებისთვის აუცილებელი უნარები | ||
| 653 | _aНеобходимые навыки для руководителей учреждений, ориентированных на ребенка | ||
| 700 | 1 |
_aIsles-Buck, Emma _eავტორი _913420 |
|
| 942 |
_2udc _cBK |
||